Islamic Heritage of the Deccan (Record no. 11211)

MARC details
000 -LEADER
fixed length control field 00608nam a2200253 a 4500
020 ## - INTERNATIONAL STANDARD BOOK NUMBER
ISBN
082 00 - DEWEY DECIMAL CLASSIFICATION NUMBER
Classification number 722.4484
Author Cutter MIC
100 ## - MAIN ENTRY--AUTHOR NAME
Author name Michell, George
245 ## - TITLE STATEMENT
Title Islamic Heritage of the Deccan
260 ## - PUBLICATION, DISTRIBUTION, ETC. (IMPRINT)
Place of publication Bombay
Name of publisher Marg Pub.
Year of publication 1986
300 ## - PHYSICAL DESCRIPTION
Number of Pages 130p
500 ## - GENERAL NOTE
General note includes index and biblioraphy
505 2# - FORMATTED CONTENTS NOTE
Formatted contents note Index
650 ## - SUBJECT ADDED ENTRY--TOPICAL TERM
Topical Term Deccan-History-Islam
650 ## - SUBJECT ADDED ENTRY--TOPICAL TERM
Topical Term History-Deccan
942 ## - ADDED ENTRY ELEMENTS (KOHA)
Koha item type Books
700 1# -
-- Michell, George
Holdings
Collection code Home library Current library Date acquired Cost, normal purchase price Full call number Accession Number Koha item type
  Henry Martyn Institute Library Henry Martyn Institute Library 06/15/2007 250.00 722.4484 MIC 015179 Books
                   Copyright © 2026 | Henry Martyn Institute | Hyderabad | TS-500052 | INDIA | Implemented by hmi.edu.in
Hit-Count:

Powered by Koha